[Event "RUS-Cup01 Chigorin Memorial"]
[Site "St Petersburg"]
[Date "1996.??.??"]
[Round "6"]
[White "Popov, Valerij"]
[Black "Burmakin, Vladimir"]
[Result "1/2-1/2"]
[WhiteElo "2415"]
[BlackElo "2505"]
[Annotator "Notkin,M"]
[PlyCount "70"]
[EventDate "1996.11.??"]
[EventType "swiss"]
[EventRounds "9"]
[EventCountry "RUS"]
[SourceTitle "CBM 056 Extra"]
[Source "ChessBase"]
[SourceDate "1997.03.01"]
[SourceVersion "1"]
[SourceVersionDate "1997.03.01"]
[SourceQuality "1"]

1. d4 d5 2. c4 e6 3. Nc3 c6 4. e4 dxe4 5. Nxe4 Bb4+ 6. Bd2 Qxd4 7. Bxb4 Qxe4+
8. Be2 Ne7 9. Nf3 Nd5 10. Ba3 (10. Nd2 Qd4 11. Ba3 Nf4 12. O-O Nd7 (12... e5
13. Re1 (13. Bf3 Bf5 14. Qe1 Nd7 15. Rd1 Nd3 16. Qe2 O-O-O $13 {Sherbakov,
R-Sveshnikov,E/Novgorod/1995/0,5/49/}) 13... Be6 14. Qb3 Qb6 15. Ne4 Qxb3 16.
axb3 Nd7 17. Nd6+ Kd8 18. Nxb7+ Kc7 19. Nc5 Nxc5 20. Bxc5 $10 {Pliester,
L-Bagirov,V/Haarlem/1996/0,5/33/}) 13. Bf3 Ne5 14. Re1 f5 15. Qb3 {Maksimenko,
A-Krasenkov,M/Aalborg/1995/1:0/29/} Nfd3 $13) 10... Nf4 11. O-O Nxe2+ 12. Kh1
Nd7 (12... Nf4 13. Qd6 c5 14. Rad1 Nd7 15. Bxc5 Ng6 16. Nd4 Qe5 17. Nb5 Qxd6
18. Nxd6+ Kd8 19. Nxf7+ Ke8 20. Nd6+ $10 {Cramling,P-Polgar,Z/Tilburg/1994/0,5/
22/}) 13. Re1 c5 14. Rxe2 Qxc4 (14... Qc6 15. Qd5 Qb6 16. Rae1 O-O 17. Qh5 Qc7
18. b3 $44 {Cardon,H-Levin,F/Sevilla/1994/0,5/26/}) 15. Ne5 (15. Rd2 $5 O-O (
15... f6 16. Rc1 Qb5 17. Bxc5 $1 $16) (15... b6 16. Ne5 (16. Rxd7 $2 Bxd7 17.
Qxd7+ Kxd7 18. Ne5+ Kc7 19. Nxc4 b5 20. Ne5 b4 $19) 16... Nxe5 (16... Qb5 $2
17. Nxf7 $1 Kxf7 18. Qf3+ $18) 17. Rd8+ Ke7 18. Qd6+ Kf6 19. Rxh8 Qd5 (19...
Bb7 20. Rxa8 Qe4 21. f3 Nxf3 22. Rf1 Qe2 23. Qd1 Qxd1 24. Rxd1 Bxa8 25. Rd8 $18
) 20. Rd1 Qxd6 21. Rxd6 Bb7 22. Rxa8 Bxa8 23. Rd8 $14) 16. Rxd7 Bxd7 17. Qxd7
b6 $13) (15. Rc1 Qf4 (15... Qb5 16. Qd6 Qc6 (16... b6 17. Nd4 $18) (16... Qxe2
$2 17. Rxc5 $1 f6 (17... Nxc5 18. Bxc5 Qf1+ 19. Ng1 $18) (17... Kd8 18. Qc7+ (
18. Rc1 $18) 18... Ke8 19. Qxc8+ $1 Rxc8 20. Rxc8#) 18. Rg5 $1 Kd8 19. Qe7+ Kc7
20. Rc5+ $18) 17. Qg3 O-O 18. b3 $44) 16. b3 O-O 17. Rc4 Qf5 (17... Qc7 18. Bb2
$44) 18. Rd2 $44) 15... Nxe5 16. Rxe5 b6 17. Qf3 (17. Qd6 Qb5 {/\Qd7}) 17...
Rb8 18. Qg3 (18. Qc6+ Bd7 19. Qc7 Rc8 20. Qxa7 Qb5 21. Rd1 Qc6 22. Qa6 O-O $17)
18... O-O 19. Rxc5 (19. Rg5 Bb7 20. Rxg7+ Kh8 21. Rg4 (21. Rxf7 Bxg2+ 22. Kg1 (
22. Kxg2 Rg8) (22. Qxg2 Rxf7) 22... Qd4 $1 $19) 21... Qd5 $17) 19... bxc5 20.
Qxb8 Qd5 21. Qxa7 Bb7 22. f3 Rc8 23. h3 e5 24. Qa4 (24. Re1 f5) 24... e4 25.
Re1 (25. Rd1 Qe6 26. Qd7 Qxd7 27. Rxd7 Bc6 $15) 25... f5 26. fxe4 fxe4 27. Rd1
Qe6 28. Qd7 Qxd7 29. Rxd7 Bc6 30. Re7 Bd5 31. Kh2 (31. b3 c4 $10) 31... Bxa2
32. Rxe4 Bf7 33. Re5 c4 34. Bb4 Re8 35. Rc5 h6 1/2-1/2

[Event "Antwerp op"]
[Site "Antwerp"]
[Date "1993.??.??"]
[Round "7"]
[White "Flear, Glenn C"]
[Black "Novikov, Igor A"]
[Result "0-1"]
[WhiteElo "2500"]
[BlackElo "2545"]
[Annotator "Novikov,I"]
[PlyCount "80"]
[EventDate "1993.08.??"]
[EventType "swiss"]
[EventRounds "9"]
[EventCountry "BEL"]
[SourceTitle "EXT 1997"]
[Source "ChessBase"]
[SourceDate "1996.11.15"]
[SourceVersion "1"]
[SourceVersionDate "1996.11.15"]
[SourceQuality "1"]

1. d4 d5 2. c4 e6 3. Nc3 c6 4. e4 dxe4 5. Nxe4 Bb4+ 6. Bd2 Qxd4 7. Bxb4 Qxe4+
8. Be2 Na6 9. Bc3 Ne7 10. Bxg7 Rg8 11. Bf6 Qf4 12. Bc3 Rxg2 13. Nf3 Nf5 14. Be5
Qh6 15. Bd3 (15. Qd2 Rg8 (15... Qxd2+ 16. Nxd2 Rg6 17. Ne4 $16) 16. Bf4 Qf8 (
16... Qf6 $2 17. Bg5) 17. O-O-O Qe7 18. Rhg1 $16) 15... f6 16. Bxf5 fxe5 17.
Bc2 (17. Be4 Nc5) 17... Bd7 18. Qc1 $1 Qxc1+ (18... Qf6 19. Qe3 $16) (18... Qf4
19. Qxf4 exf4 20. Bxh7 $16) 19. Rxc1 $14 Ke7 20. Kf1 Rg7 21. Rg1 Rxg1+ 22. Kxg1
Rg8+ 23. Kf1 Rg7 24. Nxe5 Kf6 25. f4 Be8 26. Kf2 Nc5 {/\ a5} 27. b4 Nd7 28. Re1
Bg6 $1 29. Nxg6 (29. Ng4+ Kf7 30. Nh6+ Kf8 $1 {פh6}) (29. Nxd7+ Rxd7 30. Rd1
$10) 29... hxg6 30. Rd1 Nb6 31. Rd4 Rc7 {/\ c5=/+} 32. c5 Nd5 33. Bb3 Rh7 34.
Kg3 Rh8 35. a3 Ra8 36. Kg4 $2 (36. Bxd5 exd5 37. b5 {/\ Ra4=}) 36... a5 37.
Bxd5 exd5 38. h4 $2 (38. b5 a4 $1 {/\ Ra5-/+}) 38... axb4 39. axb4 Ra1 $19 40.
Rd2 Rg1+ (40... Rg1+ 41. Kf3 Rb1 42. Rd4 Kf5 {/\ Rb3-c3-c4}) 0-1

[Event "Mitropa Cup 20st"]
[Site "Charleville Mezieres"]
[Date "2000.11.25"]
[Round "1"]
[White "Pelletier, Yannick"]
[Black "Vavra, Pavel"]
[Result "1-0"]
[WhiteElo "2474"]
[BlackElo "2393"]
[Annotator "Pelletier,Y"]
[PlyCount "49"]
[EventDate "2000.11.25"]
[EventType "team-tourn"]
[EventRounds "9"]
[EventCountry "FRA"]
[SourceTitle "CBM 079 Extra"]
[Source "ChessBase"]
[SourceDate "2001.01.11"]
[SourceVersion "2"]
[SourceVersionDate "2001.01.25"]
[SourceQuality "1"]

1. Nf3 d5 2. d4 c6 3. c4 dxc4 4. e3 b5 5. a4 e6 6. Nc3 Bb4 7. Bd2 Bb7 8. axb5
Bxc3 9. Bxc3 cxb5 10. b3 a5 11. d5 Nf6 12. bxc4 b4 13. Bxf6 Qxf6 14. Qa4+ Nd7
15. Nd4 e5 16. Nb3 Ke7 17. Be2 Qd6 18. f4 $1 {[%csl Re7][%cal Gf1f8]} ({
Obwohl diese Stellung in der Theorie bereits bekannt ist, hatten wir beide
relativ viel Zeit investiert. Ich spielte diesen Zug aus dem Grund, dass in
der Variante} 18. O-O Nc5 19. Qb5 Nxb3 20. Qxb7+ Kf6 (20... Qd7 $2 21. d6+ $1
$18) 21. f4 e4 {Weiss die Linien auf den gegnerischen König nicht öffnen kann.}
) 18... Rhc8 (18... exf4 19. O-O Nc5 $2 (19... fxe3 $2 20. c5 $1 Nxc5 21. Nxc5
Qxc5 22. Rxf7+ $1 Kxf7 23. Qd7+ {führt zum Matt.}) (19... Rhe8 {ist die beste
Wahl.}) 20. Qb5 Nxb3 21. Qxb7+ Kf6 22. Rxf4+ {funktionniert nun bestens!}) 19.
O-O Nb6 $2 {Eine schlechte Neuerung.} (19... Nc5 20. Nxc5 Rxc5 21. Rad1 $1 {
wurde in einer Begegnung Shulman-San Segundo (Pamplona 1995/96) erprobt, ohne
dass Schwarz seine Stellung halten konnte.}) (19... exf4 20. Nxa5 $1 {ist
ebenfalls mit weisser Initiative verbunden.}) 20. Qb5 Ba6 $6 (20... exf4 {
war Pflicht, auch wenn Weiss nach} 21. Nxa5 $1 Rab8 (21... Ba6 22. Nc6+ $18)
22. Nxb7 Rxb7 23. Rxf4 {das bessere Ende behalten muss.}) 21. fxe5 Qb8 22. Qxa5
Bxc4 ({oder} 22... Nxc4 23. d6+ Kf8 24. Qd5 $18) 23. Qxb4+ Ke8 24. Rxa8 Qxa8
25. e6 1-0

[Event "NED-chT playoff"]
[Site "Breda"]
[Date "1998.05.21"]
[Round "1"]
[White "Piket, Jeroen"]
[Black "Van der Werf, Mark"]
[Result "1-0"]
[WhiteElo "2575"]
[BlackElo "2415"]
[Annotator "Piket,L"]
[PlyCount "45"]
[EventDate "1998.05.21"]
[EventType "team"]
[EventRounds "2"]
[EventCountry "NED"]
[SourceTitle "CBM 065"]
[Source "ChessBase"]
[SourceDate "1998.08.06"]
[SourceVersion "1"]
[SourceVersionDate "1998.08.06"]
[SourceQuality "1"]

1. d4 d5 2. c4 e6 3. Nc3 c6 4. e4 dxe4 5. Nxe4 Bb4+ 6. Bd2 Qxd4 7. Bxb4 Qxe4+
8. Be2 c5 9. Bxc5 Nd7 10. Bd6 $1 $146 (10. Qd4 Nxc5 (10... Qxg2 $5) 11. Qxc5 (
11. Qxg7 Nd3+ 12. Kf1 Qe5) 11... Ne7 12. Nf3 b6 $13 {Sveshnikov}) 10... Qxg2
11. Bf3 Qg5 12. h4 $5 (12. Ne2 $142 Ne5 (12... Ne7 13. Rg1 Qf6 14. Nc3 $40) 13.
Be4 Nf6 14. Rg1 Qh4 (14... Nxe4 15. Rxg5 Nf3+ 16. Kf1 Nexg5 17. Nd4 $1) 15.
Bxe5 Nxe4 (15... Qxe4 16. Qd6) 16. Qd4 f6 17. Bg3 Qg4 18. Bf4 Qf3 19. Rxg7)
12... Qa5+ $5 (12... Qf5 13. Qb3 {/\14.0-0-0}) (12... Qf6 13. Qb3 (13. Qd2 Ne5)
(13. Qe2 Ne7 14. O-O-O Nf5 15. Ba3 Nd4 16. Qe3 Nxf3 17. Nxf3 $36) 13... Ne7 14.
Be4 Nf5 15. Bxf5 Qxf5 16. O-O-O b6) 13. b4 Qf5 (13... Qd8 14. Ne2 Ne7 15. Nc3
a6 (15... Nf5 16. Nb5) 16. Be4 $36) 14. Qb3 Ngf6 $6 (14... Qf6 $1 15. O-O-O Ne7
16. Ne2 (16. Be4 O-O 17. Nh3 Re8 18. Ng5 $44) 16... Nf5) 15. O-O-O Ne5 (15...
Ne4 16. Bxe4 Qxe4 17. Nf3) 16. Qc3 $1 Nxf3 $6 (16... Nfd7 17. Rd4 $5 f6 18. Be4
Qxf2 19. Nh3 Qxa2 20. Nf4 Kf7 21. Nxe6 $1) 17. Nxf3 Bd7 18. Nd4 Qxf2 $2 (18...
Qg6 19. f3 $1 Ba4 (19... O-O-O 20. Nb5 $18) 20. Rdg1 Qh6+ 21. Rg5 $16) 19. Rh2
$1 Ne4 20. Qd3 Qxh2 (20... Qf6 21. Qxe4) 21. Bxh2 Nf2 22. Qg3 Nxd1 23. Qxg7 {
23...0-0-0 24. Qe5; 23...Ke7 24. Qg5+} 1-0

[Event "Pardubice"]
[Site "Pardubice"]
[Date "1994.??.??"]
[Round "7"]
[White "Polgar, Zsuzsa"]
[Black "Georgiev, Kiril"]
[Result "1-0"]
[WhiteElo "2550"]
[BlackElo "2615"]
[Annotator "Polgar,Zsu"]
[PlyCount "55"]
[EventDate "1994.07.??"]
[EventType "tourn"]
[EventRounds "9"]
[EventCountry "CZE"]
[EventCategory "15"]
[SourceTitle "CBM 042"]
[Source "ChessBase"]
[SourceDate "1994.10.01"]
[SourceVersion "1"]
[SourceVersionDate "1994.10.01"]
[SourceQuality "1"]

1. d4 {Donev Konikowski} d5 2. c4 e6 3. Nc3 c6 4. e4 dxe4 5. Nxe4 Bb4+ 6. Bd2
Qxd4 7. Bxb4 Qxe4+ 8. Be2 (8. Ne2) 8... Nd7 (8... Na6) 9. Nf3 (9. Qd6 {
Konikowski} c5 10. Bc3 Ne7 11. Qd2 O-O 12. O-O-O Ng6 13. Nh3 $13 {
Sokolov-Bagirov,V/Riga/1993/}) 9... c5 10. Bc3 Ngf6 (10... Ne7 {Konikowski} 11.
Qd2 (11. Bxg7 Rg8 12. Bc3 Rxg2 $13) 11... f6 12. O-O-O e5 13. Bd3 Qc6 14. Rhe1
O-O 15. Qc2 g6 16. Nd2 $13 {Abramov-Baskov/Karvina/1992/}) 11. Qd6 $1 (11. O-O)
11... Qc6 $8 (11... b6 $2 12. Nd2 {/\ Bf3+-}) (11... Qg6 {Konikowski} 12. Bd3
Qxg2 13. Ke2 b6 14. Rhg1 Qh3 15. Rg3 Qh5 16. Rg5 Qh6 17. Rag1 Bb7 18. Ne5 Qxh2
19. Nxf7 $1 $18 {Trofimov-Monin/USSR/1978/}) 12. Qxc6 bxc6 13. Nd2 $44 Bb7 14.
O-O-O (14. Bf3 $5 {Konikowski} O-O 15. Nb3 e5 16. O-O-O Rab8 17. Rhe1 Rfe8 18.
Na5 e4 19. Bxe4 Nxe4 (19... Rxe4 20. Rxe4 Nxe4 21. Rxd7 Ba8 22. f3 Nxc3 23.
bxc3 a6 24. Nb3 Kf8 25. Nxc5 a5 26. Ra7 $16) 20. Rxd7 Ba8 21. Rxa7 Nxf2 22. Rf1
Re2 23. Nb3 Nd3+ 24. Kd1 Rxg2 25. Rfxf7 Rxh2 26. Rxg7+ Kf8 27. Raf7+ Ke8 28.
Rf3 $18) 14... O-O-O (14... h5 $1 {Donev}) 15. Bf3 $1 (15. Nb3 Ne4) 15... e5 $6
(15... Nb6 16. g4 (16. b3 Nbd7) 16... Na4 (16... h6 17. h4 $44) 17. Bxf6 gxf6
18. Ne4 Rd4 19. b3 $16) 16. g4 $1 $16 (16. Rhe1 Rhe8 17. Nb3 e4) 16... h6 (
16... Rhe8 17. g5 Nd5 18. cxd5 cxd5 19. Ba5 Nb6 20. Nb3 c4 21. Nc5 $18) 17. h4
h5 (17... g5 18. hxg5 hxg5 19. Ne4 $16) 18. gxh5 $1 (18. g5 Ng4 19. Ne4 $44)
18... Kb8 (18... Nxh5 19. Ne4 $16) 19. Rhg1 Nxh5 (19... Rh7 20. Ne4 Nxe4 21.
Bxe4 Rxh5 22. Rxg7 Rxh4 23. Bf5 Bc8 24. Rxf7 $18 (24. Bxe5+ {Konikowski} Ka8
25. f4 $16)) 20. Ne4 $1 (20. Bxh5 Rxh5 21. Rxg7 $16) 20... Bc8 (20... f5 21.
Nd6 e4 22. Bxh5 Rxh5 23. Nxb7 Kxb7 24. Ba5 $18) (20... f6 {Donev} 21. Nd6 e4
22. Bxh5 Rxh5 23. Nxb7 Kxb7 24. Ba5) 21. Nd6 f6 (21... Rdf8 22. Bxc6 Nhf6 23.
Rxg7 Rxh4 24. Nxf7 Rxc4 (24... Ne8 {Konikowski} 25. Bxd7 Nxg7 26. Bxe5+ Ka8 27.
Bc6+ Bb7 28. Bxg7 Rg8 29. Bxb7+ Kxb7 30. Nd6+ Kc6 31. Be5 Rg2 32. Rd2 $18) 25.
Bb5 Re4 26. Nd6 $18) 22. Nf7 Rdf8 23. Nxh8 Rxh8 24. Bxh5 Rxh5 25. Rxg7 Nb6 26.
Rd8 Rxh4 27. b3 Rf4 28. Ba5 1-0

[Event "Maalot Tarshiha"]
[Site "Maalot Tarshiha"]
[Date "2008.01.11"]
[Round "5"]
[White "Rodshtein, Maxim"]
[Black "Postny, Evgeny"]
[Result "0-1"]
[WhiteElo "2614"]
[BlackElo "2627"]
[Annotator "Postny,E"]
[PlyCount "60"]
[EventDate "2008.01.07"]
[EventType "tourn"]
[EventRounds "9"]
[EventCountry "ISR"]
[EventCategory "15"]
[SourceTitle "CBM 122"]
[Source "ChessBase"]
[SourceDate "2008.01.30"]
[SourceVersion "1"]
[SourceVersionDate "2008.01.30"]
[SourceQuality "1"]

1. d4 d5 2. c4 c6 3. Nf3 Nf6 4. Nc3 dxc4 5. a4 e6 {Recently, this variation
has gained some popularity. Black is mixing up both the Slav and the Queen's
Gambit Accepted.} 6. e4 {The most aggressive reply.} ({The solid alternative} 
6. e3 c5 7. Bxc4 Nc6 8. O-O Be7 9. Qe2 cxd4 10. exd4 O-O {leads to a position
where White has an extra tempo (a2-a4) compared to a normal Queen's Gambit
Accepted. On the other hand, Black gets control over the b4-square and might
use it for a knight transfer Nc6-b4-d5.}) 6... Bb4 7. e5 (7. Bg5 {could
transpose to one of the side lines of the Botvinnik Variation - D44.}) 7... Nd5
8. Bd2 b5 9. Ng5 {A typical knight move, opening the diagonal for the white
queen and also preparing to transfer the knight to the d6-square via e4.
Usually, White plays 9.axb5 at first, forcing Black to part with his
dark-squared bishop. However, the move in the text was obviously prepared by
Maxim Rodshtein at home, since I had played the same line just two rounds
before against Moiseenko.} (9. axb5 Bxc3 10. bxc3 cxb5 11. Ng5 Qe7 12. Qh5 Nd7
13. Be2 Bb7 14. Bg4 $6 (14. Bf3 $142 $44) 14... Nc7 $1 {[%csl Ye6]} 15. O-O h6
16. Bf3 Bxf3 17. Nxf3 O-O $15 {1/2-1/2 Moiseenko,A (2643)-Postny,E (2627)/
Maalot-Tarshiha ISR 2008/The Week in Chess 688 (37)}) 9... Qe7 $146 {This was
an improvisation over the board. I just thought that in the event of 10.axb5
Bxc3 11.bxc3 cxb5 the position would transpose into my game vs Moiseenko, as I
was satisfied with the results of the opening in that game. Previously played
9...Be7 is a bit more solid.} ({A tactical justification of 9.Ng5 is:} 9...
Nxc3 10. bxc3 Bxc3 11. Bxc3 Qxg5 12. axb5 {and Black can't recapture by} cxb5
$2 {in view of} 13. Qf3 $18 {[%csl Ra8]}) (9... Be7 10. Nce4 h6 11. Nf3 O-O 12.
Be2 Nd7 13. O-O a6 14. b3 cxb3 15. Qxb3 Bb7 16. Bd3 c5 17. axb5 axb5 18. Qxb5
Qc7 19. dxc5 Nxc5 20. Nxc5 Bxc5 $11 {1/2-1/2 Eljanov,P (2658)-Drozdovskij,Y 
(2561)/Poltava 2006/CBM 116 (34)}) 10. h4 $6 {This move I didn't expect and I
am still rather sceptical about its value. The point is should White castle
kingside he might well regret this pawn advance.} ({I expected} 10. Qh5 h6 11.
Nge4 {with a very complicated, double-edged position.}) ({Another playable
option is} 10. Be2 {followed by castling. In this case White can count on
long-term compensation as well.}) 10... Nd7 11. Be2 (11. axb5 Bxc3 12. bxc3
cxb5 13. Qb1 a6 14. Nxh7 $2 (14. Ne4 $142 $44) 14... f6 15. Be2 Bb7 16. Bh5+
Kd8 $17 {The Nh7 won't survive.}) 11... c5 $5 {Going for a big mess. Instead,
I could continue developing, but I could not resist the chance to meet play on
the flank (10.h4) by a strike in the centre.} (11... Bb7 12. axb5 Bxc3 13. bxc3
cxb5 14. Qb1 Bc6 {was a worthy alternative.}) 12. Nxb5 $1 {White chooses the
best capture out of numerous options.} (12. axb5 $2 cxd4 13. Nxd5 exd5 $17) (
12. dxc5 Nxe5 13. Nxd5 exd5 14. Bxb4 Nd3+ 15. Kf1 Nxb4 $17) (12. Nxd5 Bxd2+ (
12... exd5 13. Bxb4 cxb4 14. axb5 f6 $15) 13. Qxd2 exd5 14. axb5 cxd4 15. Qxd4
Qxe5 $15) 12... cxd4 13. O-O $2 {I was very surprised by such a cold-blooded
move, which falls short. I expected only the obvious capture of the Pc4.} (13.
Bxc4 Nxe5 14. Bxd5 exd5 15. O-O O-O $11 (15... Bxd2 $6 16. Qxd2 O-O (16... h6
$2 17. Rfe1 $1 hxg5 18. Rxe5 Qxe5 19. Re1 Qxe1+ 20. Qxe1+ $18) 17. Qxd4 $14)
16. Bxb4 Qxb4 17. Nxh7 Re8 (17... Kxh7 $6 18. Qh5+ Kg8 19. Qxe5 $14) 18. Ng5 d3
19. f4 Bg4 20. Qb1 f6 21. fxe5 fxg5 22. Qxd3 Rxe5 {with a dynamically balanced
position.}) 13... d3 14. Bf3 $6 {Objectively, White's position is already bad.
However, a piece sacrifice by 14.Bxb4 would force me to play very precisely.} (
14. Bxb4 $5 Qxb4 $3 {This would be a difficult decision to make, as it seems
very tempting to grab a piece immediatly.} (14... dxe2 $2 15. Qxe2 Qxb4 16.
Nd6+ Ke7 (16... Kf8 17. Ngxf7 Kg8 18. Qh5 g6 19. Qg5 Bb7 20. h5 Nf8 21. Nh6+
Kg7 22. Rad1 $18 {on the next move White will eliminate Black's key defender
by 23.Rxd5 and win.}) 17. Ngxf7 Rf8 18. Qh5 {[%cal Gh5g5]} h6 (18... Nxe5 $2
19. Qg5+ Nf6 20. Nxe5 Kxd6 21. Rfd1+ $1 Nd5 22. Qg3 Kc7 23. Rac1 $18) (18...
Bb7 19. Qg5+ N5f6 20. Nxb7 Rxf7 21. exf6+ gxf6 22. Qb5 Qxb5 23. axb5 $14) 19.
Qg6 Bb7 (19... Ba6 $1 20. Qxg7 Rg8 21. Qh7 N5f6 22. exf6+ Nxf6 23. Qxh6 Bb7 24.
g3 Raf8 25. Qe3 Rxf7 26. Nf5+ Kd7 27. Rfd1+ Bd5 28. Nh6 $14) 20. Ng5 $1 hxg5
21. Qxg5+ N5f6 22. Qxg7+ Kd8 23. Nxb7+ Qxb7 24. exf6 Rxf6 25. Rad1 Rf5 26. h5
$18 {[%csl Gh5] Black is completely tied up and defenseless against the march
of the h-pawn.}) 15. Nd6+ Ke7 16. Ngxf7 (16. Ndxf7 dxe2 17. Qxe2 Rf8 18. Qg4
Qb6 $19) 16... Nxe5 $1 {The point of Black's defence. This strike ruins
White's attacking chain. In the event of 14...dxe2 this would not be possible
because of White's queen on e2 protecting the Pe5.} (16... Rf8 $2 17. Bf3 Rxf7
18. Bxd5 exd5 19. Qh5 Rf8 20. Qg5+ Ke6 21. Rae1 d2 22. Qg4+ Ke7 23. Qg5+ {
with a perpetual check.}) 17. Nxe5 Qxd6 18. Nxc4 dxe2 19. Qxe2 Qf4 $19) 14...
O-O $1 {Now my king is safe.} 15. Bxb4 Qxb4 16. Bxd5 exd5 17. Nc7 (17. Qh5 h6
18. Nxf7 Qe7 (18... Rxf7 19. e6 Re7 20. exd7 (20. Qxd5 $2 Nb6 21. Qd8+ Kh7 $19)
20... Bb7 21. Nc7 Rd8 22. Nxd5 Bxd5 23. Qxd5+ Kh8 $17) 19. Nfd6 Qxe5 20. Qxe5
Nxe5 21. Nc7 Rb8 22. Nxd5 Be6 $19) (17. e6 fxe6 18. Nc7 (18. Nxe6 Rf7 19. Nd8
Rf5 $19) 18... Rb8 19. Ngxe6 Rf6 20. Nxd5 Qd6 21. Nxf6+ Nxf6 22. Ng5 Rxb2 {
and two connected passed pawns should decide the outcome.}) {[%tqu "En","The
rook is attacked. Should Black play 17...Rb8?","","","d7e5","Very strong. The
rook sacrifice is temporary, Black will trap the knight and get two superb
pawns for the exchange. Meanwhile, the dangerous Pe5 is eliminated and White's
attacking chances evaporate.",15,"a8b8","",0]} 17... Nxe5 $1 {Very strong. The
rook sacrifice is temporary, Black will trap the knight and get two superb
pawns for the exchange. Meanwhile, the dangerous Pe5 is eliminated and White's
attacking chances evaporate.} (17... Rb8 $2 18. Nxd5 Qc5 19. Qh5 h6 20. Nxf7
Qxd5 (20... Rxf7 $2 21. e6 $18) 21. Nxh6+ gxh6 22. Qg6+ Kh8 23. Qxh6+ {with a
perpetual check.}) 18. Nxa8 Qb8 ({One engine shows the cold-blooded} 18... Qd6
$1 {which would have been even stronger. In that case Black will capture the
Na8 with his rook, keeping the queen in an active position.}) 19. Qe1 (19. Qh5
Bf5 20. Rae1 f6 21. f4 Ng4 $19) 19... h6 20. f4 Ng4 {A great square for the
knight.} 21. Nf3 Qxa8 {[%csl Gc4,Gd3,Gd5,Gg4] Black's position is winning
thanks to his connected, far advanced pawns. White's king is not safe as well,
which will become very apparent later in the game.} 22. Qc3 Bf5 23. Qd4 Qb7 24.
b3 $1 {A good practical chance, but insufficient.} Rc8 25. Rac1 (25. bxc4 dxc4
26. Rab1 Qe4 $19) 25... Qxb3 {After long thought, I came to the conclusion
that I should not exchange queens, but to go for a direct attack against the
white monarch.} (25... Qb6 $6 26. Qxb6 axb6 27. bxc4 dxc4 28. Rc3 {and I
wasn't sure if I could break down White's blockade.}) 26. Qxa7 d2 $1 27. Nxd2
Qg3 {[%csl Rg1]} 28. Nf3 Bd3 29. Qd7 (29. Rfe1 Be4 30. Rf1 Nh2 $1 $19 (30...
Qxf4 $19)) (29. a5 Bxf1 30. Rxf1 Re8 31. Qd7 Nf6 $19 {[%cal Ge8e2]}) 29... Rf8
{29...Rb8 followed by 30...Rb2 was just mating, but in time-trouble there is a
typical human desire to put all the pieces on defended squares.} 30. Rce1 Be4 {
There is no defence against removing the Nf3 followed by Qh2+ and Qh1+. White
resigned.} 0-1